00710cam a2200217Mi 450000500170000000800410001702000180005803500210007604000500009704100080014706000100015510000210016524500860018626000500027230000330032250000210035565000390037665000230041565000250043865000290046320180405183912.0150731s2014 enka fr 000 0 eng d a9780500517345 a(OCoLC)881556851 aCO-BoUCMbspacSandra PalaciodSandra Palacio0 aeng00aWZ 601 aBarnett, Richard14aThe sick Rose cRichard Barnettbor: disease and the art of medical illustration  aLondres (Inglaterra)bThames and Hudsonc2014 a253 páginasbilustraciones aIncluye índice 7aIlustraciones médicasy1800-1900 7aEpidemias xColera07aEpidemias xDifteria07aVacunación y1800-1900